000 00793cab a2200265 4500
001 ABS51624
008 090401t1994 xxu||||| |||| 00| 0 eng d
035 _a(Sirsi) u35745
041 _aeng
100 _aReid, K.
245 _aWhat comes next?
260 _c1994
350 _a0
490 _aProperty Law
_v(11) October 1994, 6-9(4)
520 _aLooks at a number of matters presently being considered by the Scottish Law Commission, including; law of the tenement; abolition of the feudal system and supersession of missives.
650 _aCONVEYANCING
650 _aFEUDAL SYSTEM
650 _aMISSIVES
650 _aSCOTS LAW
650 _aSCOTTISH LAW COMMISSION
650 _aTENEMENTS
690 _aPROPERTY LAW AND PRACTICE
942 _n0
948 _c04/03/1997
999 _c23376
_d23376